000
00327nam a2200133Ia 4500
005
20251222155100.0
008
251222s9999||||xx |||||||||||||| ||spa||
082
_a
REL.145.1-4
100
_a
Juan Pablo II.
245
0
_a
Documentos Ecles. Redemptor Hominis 4 Vol.
250
_a
1ra. ed.
264
_b
Salesiana
942
_c
LIB
999
_c
37615
_d
37615